01229cam a22002774a 450000500170000000800410001702000150005804000290007304100080010204400070011008200180011710000400013524501540017526000860032930000580041550000530047350000400052650400620056665000280062865000340065665000330069065000240072394200150074799900170076295201720077920160908111940.0050201s2004 gw ab b 000 0 eng c a3882462647 aAGLcAGLdDLCdCO-BoIAVH0 aeng agx00a306.349bL92a1 aLópez Sandoval, María Fernanda.10aAgricultural and settlement frontiers in the tropical Andes :bthe páramo belt of northern Ecuador, 1960-1990 /cMaría Fernanda López Sandoval. a[Regensburg] :bInstitut für Geographie an der Universität Regensburg,c2004. a180 páginas :bilustraciones y mapas ;c30 x 21 cm. aCatorce mapas a color insertados en el bolsillo. aPresentada como la tesis del autor. aIncluye referencias bibliográficas : páginas 145-157.26aBiogeografíazEcuador26aSistemas agrícolaszEcuador26aAsentamiento humanozEcuador26aPáramos zEcuador 2ddccLIBRO c19005d19005 00102ddc40708GENERALIINV2017aBogotabBogotad2016-09-08eInstitutog15000.00l0oLB-306.349 L92ap040663r2016-09-08 00:00:00tEj. 1w2016-09-08xDonacionyLIBRO